000 00421nam a2200181Ia 4500
001 15363
005 20260306170150.0
008 260306t2005||||xx |||||||||||||| ||und||
041 _aESP
082 _a536.2
_bC43
100 _aCengel, Yunus A.
_eAUT
245 0 _aTransferencia de calor
260 _c2005
300 _axxviii, 793 páginas :
_ccm.
650 _aGEN
654 _aCCN
942 _cLIB
_dJUS
_fJUS
_2ddc
_n
999 _c15363
_d15363